LDR 00908naa#a2200265#i#450# 001 EN\\bibl\125144 005 20260630062227.2 011 ## _a2077-7566 100 ## _a20260629b2026####ek#y0engy0150####ca 101 0# _aRUS 102 ## _aRU 200 1# _aADDITIVE TECHNOLOGIES IN MODERN ORTHODONTICS: FROM DIAGNOSIS TO APPLIANCE FABRICATION. A LITERATURE REVIEW _eJournal article 210 1# _aEkaterinburg _cTIRAZH Publishing House _d2026 215 ## _a9 с. 608 ## _aJournal article _2local 675 ## _aСтоматология. Заболевания ротовой полости и зубов. 616.31 _zRUS 700 #1 _aKravchenko _gPavel S. 700 #1 _aGrigorenko _gMark P. 700 #1 _aVakushina _gElena A. 700 #1 _aLapina _gNatalia V. 700 #1 _aDyomina _gKristina Yu. 700 #1 _aMrikaeva _gMadina R. 700 #1 _aBragin _gAleksandr E. 700 #1 _aGrigorenko _gPavel A. 856 4# _adental-press.ru _u